000 00677nam a2200205 i 4500
001 21671
003 ES-MaACL
005 20250911063528.0
007 t|
008 021127s1974 sp ||||1| spa d
100 1 _aAlbiñana García-Quintana, César,
_d1920-2007
_919384
245 1 3 _aEl sistema fiscal en España /
_cCésar Albiñana García-Quintana.
260 _a[Madrid] :
_bGuadiana,
_c[1974]
300 _aXLVIII, 915 p. ;
_c24 cm.
490 1 _aBiblioteca universitaria Guadiana
650 0 4 _aDerecho fiscal-
_zEspaña
_911709
830 0 _aBiblioteca universitaria Guadiana
_9180795
852 _aES-MaACL
_jE-6606
_bR.90998
999 _c21671
_d21671